Los primeros hombres en la luna (Record no. 140814)
[ view plain ]
| 000 -LEADER | |
|---|---|
| campo de control de longitud fija | 00573nam a2200181 i 4500 |
| 001 - NÚMERO DE CONTROL | |
| campo de control | 140814 |
| 003 - IDENTIFICADOR DE NÚMERO DE CONTROL | |
| campo de control | ES-MaACL |
| 005 - FECHA Y HORA DE LA ÚLTIMA TRANSACCIÓN | |
| campo de control | 20240516063053.0 |
| 007 - CAMPO FIJO DE DESCRIPCIÓN FÍSICA--INFORMACIÓN GENERAL | |
| campo de control de longitud fija | t| |
| 008 - DATOS DE LONGITUD FIJA--INFORMACIÓN GENERAL | |
| campo de control de longitud fija | 070917s1972 sp ||||1| spa d |
| 100 0# - ENTRADA PRINCIPAL--NOMBRE DE PERSONA | |
| Nombre de persona | Wells, H. G., |
| Fechas asociadas al nombre | 1866-1946 |
| 9 (RLIN) | 116458 |
| 245 14 - MENCIÓN DEL TÍTULO | |
| Título | Los primeros hombres en la luna |
| Resto del título | : novela / |
| Mención de responsabilidad, etc. | H. G. Wells ; [traducción de Jaime Elías]. |
| 260 ## - PUBLICACIÓN, DISTRIBUCIÓN, ETC. | |
| Lugar de publicación, distribución, etc. | [Barcelona : |
| Nombre del editor, distribuidor, etc. | Plaza Janés, |
| Fecha de publicación, distribución, etc. | 1972] |
| 300 ## - DESCRIPCIÓN FÍSICA | |
| Extensión | 186 p. ; |
| Dimensiones | 19 cm. |
| 700 1# - ENTRADA AGREGADA--NOMBRE PERSONAL | |
| Nombre de persona | Elías Cornet, Jaime. |
| 9 (RLIN) | 46973 |
| 852 ## - LOCALIZACIÓN | |
| Ubicación | ES-MaACL |
| Número de control de estantería | C-54415 |
| Sublocalización o colección | R.83897 |
| Estatus retirado | Estado de pérdida | Estado de daño | No para préstamo | Biblioteca de origen | Biblioteca actual | Ubicación en estantería | Fecha de adquisición | Fuente de adquisición | Total de préstamos | Signatura topográfica completa | Código de barras | Visto por última vez | Precio de reemplazo | Tipo de ítem Koha |
|---|---|---|---|---|---|---|---|---|---|---|---|---|---|---|
| Biblioteca del Ateneo de Madrid | Biblioteca del Ateneo de Madrid | Depósito 2 | 17/01/2008 | C-54415 | 1146528 | 23/02/2023 | 23/02/2023 | Libro impreso |
